| 000 | 01134 a2200193 4500 | ||
|---|---|---|---|
| 020 | _a1557388237 | ||
| 020 | _a9781557388230 | ||
| 082 | 0 | 4 | _a332.6322 |
| 090 |
_c3095 _d3095 |
||
| 100 | 1 | _aBoroson, Warren. | |
| 245 | 1 | 4 |
_aThe ultimate stock picker's guide : _b24 top experts recommend 25 stocks to buy & hold / _cWarren Boroson. |
| 260 |
_a[S.l.] : _bProbus Professional Pub, _c1995. |
||
| 300 |
_a228 p. ; _c23 cm. |
||
| 500 | _aPaperback. | ||
| 520 | _aThe Ultimate Stock Pickers Guide provides the top long-term stock recommendations of 24 of the most respected stock market experts. It is the ultimate book of stock market tips and advice for the average investor. Specific topics include: The single best stock to own; The best ten stocks to own; Recommended stock portfolios for both aggressive and conservative investors; The growth industries of tomorrow; How to identify a good long-term stock. | ||
| 856 | 4 | 0 |
_3Amazon.com _uhttp://www.amazon.com/exec/obidos/ASIN/1557388237/chopaconline-20 |
| 856 | 4 | 0 |
_3Amazon customer reviews _uhttp://www.chopac.org/cgi-bin/tools/azrev.pl?q=1557388237 |
| 942 |
_aNBS _cBK _k332.6322 BOR |
||
| 999 |
_c345584 _d345584 |
||